Advanced international trade : (Record no. 24265)

MARC details
000 -LEADER
fixed length control field 00852nam a2200241 a 4500
001 - CONTROL NUMBER
control field 23974
005 - DATE AND TIME OF LATEST TRANSACTION
control field 20220701011042.0
008 - FIXED-LENGTH DATA ELEMENTS--GENERAL INFORMATION
fixed length control field 200726s2016 njua b 001 0 eng d
020 ## - INTERNATIONAL STANDARD BOOK NUMBER
ISBN 9780691161648
Qualifying information (hardback)
040 ## - CATALOGING SOURCE
Original cataloging agency BD-DhIUB
Transcribing agency BD-DhIUB
082 04 - DEWEY DECIMAL CLASSIFICATION NUMBER
Classification number 382.0151
Edition number 23
100 1# - MAIN ENTRY--PERSONAL NAME
Personal name Feenstra, Robert C.
245 10 - TITLE STATEMENT
Title Advanced international trade :
Remainder of title theory and evidence /
Statement of responsibility, etc Robert C. Feenstra.
250 ## - EDITION STATEMENT
Edition statement Second edition.
264 #1 -
-- Princeton :
-- Princeton University Press,
-- [2016]
300 ## - PHYSICAL DESCRIPTION
Extent xii, 477 pages :
Other physical details illustrations ;
Dimensions 26 cm
336 ## -
-- text
-- txt
-- rdacontent
337 ## -
-- unmediated
-- n
-- rdamedia
338 ## -
-- volume
-- nc
-- rdacarrier
504 ## - BIBLIOGRAPHY, ETC. NOTE
Bibliography, etc Includes bibliographical references (pages 431-463) and index.
650 #0 - SUBJECT ADDED ENTRY--TOPICAL TERM
Topical term or geographic name as entry element International trade
General subdivision Mathematical models.
650 #0 - SUBJECT ADDED ENTRY--TOPICAL TERM
Topical term or geographic name as entry element Commercial policy
General subdivision Mathematical models.
Holdings
Withdrawn status Lost status Source of classification or shelving scheme Damaged status Not for loan Collection code Home library Current library Shelving location Date acquired Total Checkouts Full call number Barcode Date last seen Copy number Price effective from Koha item type
    Dewey Decimal Classification   Not For Loan Reference Library, Independent University, Bangladesh (IUB) Library, Independent University, Bangladesh (IUB) Reference Stacks 26/07/2020   382.0151 F2956a 2016 026754 26/07/2020 01 26/07/2020 Books